| 000 | 00947nam a2200313 i 4500 | ||
|---|---|---|---|
| 001 | 17888 | ||
| 003 | ES-MaACL | ||
| 005 | 20230906151715.0 | ||
| 007 | t| | ||
| 008 | 010614s2000 sp ||||1| spa d | ||
| 020 | _z84-95481-11-1 | ||
| 080 | _a981"15" | ||
| 080 | _a327(460:469)"15" | ||
| 080 | _a327(469:460)"15" | ||
| 080 | _a946.0"1516/56" | ||
| 100 | 1 |
_aSantos, Ricardo Evaristo dos. _9103487 |
|
| 245 | 1 | 0 |
_aCarlos V, Portugal y Brasil / _cRicardo Evaristo Santos. |
| 260 |
_aMadrid : _bBrand, _c[2000] |
||
| 300 |
_a306 p. : _bil., mapas ; _c21 cm. |
||
| 490 | 1 | _aAuryn ensayo | |
| 504 | _aBibliografía. | ||
| 651 | 4 |
_aBrasil- _xHistoria- _y1500-1548. _9172935 |
|
| 651 | 4 |
_aEspaña- _xRelaciones- _zPortugal. _98476 |
|
| 651 |
_aPortugal- _xRelaciones- _zEspaña. _99269 |
||
| 651 | 4 |
_aEspaña- _xHistoria- _y1516-1556, Carlos I. _98224 |
|
| 830 | 1 |
_aAuryn ensayo _9180352 |
|
| 852 |
_aES-MaACL _jL-24663 |
||
| 999 |
_c17888 _d17888 |
||